New Headway Plus: (Record no. 5100)

MARC details
000 -LEADER
fixed length control field 00626nac a22001691u 4500
008 - FIXED-LENGTH DATA ELEMENTS--GENERAL INFORMATION
fixed length control field 110721s2006 enk||||| |||| 000 0 eng d
082 ## - DEWEY DECIMAL CLASSIFICATION NUMBER
Classification number 428.24
Item number SOA
Edition number 22
100 ## - MAIN ENTRY--PERSONAL NAME
Personal name Soars, Liz.
9 (RLIN) 13897
245 ## - TITLE STATEMENT
Title New Headway Plus:
Remainder of title Pre-Intermediate Student`s Book /
Statement of responsibility, etc John and Liz Soars
260 ## - PUBLICATION, DISTRIBUTION, ETC. (IMPRINT)
Place of publication, distribution, etc Oxford:
Name of publisher, distributor, etc Oxford University Press, 2006
Date of publication, distribution, etc 2006
300 ## - PHYSICAL DESCRIPTION
Extent 143 p. :
Other physical details ill ;
Dimensions 28 cm. +
Accompanying material 1 CD-ROM ( 4 3/4 in.)
650 ## - SUBJECT ADDED ENTRY--TOPICAL TERM
Topical term or geographic name as entry element English language
General subdivision Textbooks for foreign speakers
9 (RLIN) 26372
650 ## - SUBJECT ADDED ENTRY--TOPICAL TERM
Topical term or geographic name as entry element English language
General subdivision Grammar -- Problems, exercises
9 (RLIN) 26373
653 ## - INDEX TERM--UNCONTROLLED
Resource For college
700 ## - ADDED ENTRY--PERSONAL NAME
9 (RLIN) 17254
Personal name Soars, John.
942 ## - ADDED ENTRY ELEMENTS (KOHA)
Item type Book - Borrowing
Call number prefix 428.24 SOA
Source of classification or shelving scheme Dewey Decimal Classification
Holdings
Withdrawn status Item status Source of classification or shelving scheme Materials specified (bound volume or other part) Damaged status Not for loan Vendor Home library Current library Shelving location Date acquired Source of acquisition Total Checkouts Total Renewals Full call number Barcode Date last seen Date last borrowed Koha item type Checked out
  Lost Dewey Decimal Classification Lost In Inventory_2015-8-23       Central Library Central Library Second Floor 07/10/2016   9 1 428.2421 SOA 000006274 23/06/2013 18/09/2012 Book - Borrowing  
    Dewey Decimal Classification         Central Library Central Library Second Floor 28/03/2011   6 19 428.24 SOA 000006273 09/02/2014 09/02/2014 Book - Borrowing 29/01/2022
    Dewey Decimal Classification         Central Library Central Library Second Floor 21/07/2011   2 1 428.24 SOA 000024422 24/08/2022 06/03/2014 CD | DVD - With book